Maps Call of duty (tout jeux confondus) par images #1 - Statistiques

Statistiques générales
  • Ce quiz a été pris 66 fois
  • Le résultat moyen est 10 sur 32
Statistiques - réponses
Par images Réponse % Correct
Nuketown
94%
Dome
83%
Rust
69%
Plaza
63%
Resistance
60%
Standoff
60%
Firing Range
58%
Terminal
58%
Summit
52%
Slums
50%
Crash
38%
Combine
29%
Underground
25%
Village
25%
Hunted
23%
Metro
21%
Stronghold
21%
Babylon
19%
Hidjacked
17%
Moscou
17%
Solar
15%
Octane
13%
Skyline
13%
Cracked
8%
Grid
8%
Gustav Cannon
6%
Warhawk
6%
Hotel Royal
2%
Drive-in
0%
Excess
0%
Pointe du Hoc
0%
Sphere
0%
Aucun quiz correspondant
Distribution des résultats
% des personnes avec chaque résultat
Percentile par nombre de réponses
Votre historique - résultats
Vous n’avez pas pris ce quiz